<?xml version="1.0" encoding="UTF-8"?><record xmlns="http://www.loc.gov/MARC21/slim" xmlns:zs="http://docs.oasis-open.org/ns/search-ws/sruResponse">
  <leader>01191cz  a2200241n  4500</leader>
  <controlfield tag="001">n  50018880 </controlfield>
  <controlfield tag="003">DLC</controlfield>
  <controlfield tag="005">20240323064552.0</controlfield>
  <controlfield tag="008">800528n| azannaabn          |n aaa      </controlfield>
  <datafield ind1=" " ind2=" " tag="010">
    <subfield code="a">n  50018880 </subfield>
  </datafield>
  <datafield ind1="7" ind2=" " tag="024">
    <subfield code="a">Q536286</subfield>
    <subfield code="2">wikidata</subfield>
    <subfield code="1">http://www.wikidata.org/entity/Q536286</subfield>
  </datafield>
  <datafield ind1=" " ind2=" " tag="035">
    <subfield code="a">(OCoLC)oca00054316</subfield>
  </datafield>
  <datafield ind1=" " ind2=" " tag="040">
    <subfield code="a">DLC</subfield>
    <subfield code="b">eng</subfield>
    <subfield code="e">rda</subfield>
    <subfield code="c">DLC</subfield>
    <subfield code="d">DLC</subfield>
    <subfield code="d">OCoLC</subfield>
    <subfield code="d">IEN</subfield>
    <subfield code="d">DNLM</subfield>
    <subfield code="d">InU</subfield>
  </datafield>
  <datafield ind1=" " ind2=" " tag="046">
    <subfield code="f">1909-07-15</subfield>
    <subfield code="g">1992-02-01</subfield>
    <subfield code="2">edtf</subfield>
  </datafield>
  <datafield ind1="1" ind2=" " tag="100">
    <subfield code="a">Hamburger, Jean</subfield>
  </datafield>
  <datafield ind1=" " ind2=" " tag="370">
    <subfield code="a">8e Arrondissement (Paris, France)</subfield>
    <subfield code="b">Paris (France)</subfield>
    <subfield code="c">France</subfield>
    <subfield code="2">naf</subfield>
  </datafield>
  <datafield ind1=" " ind2=" " tag="374">
    <subfield code="a">Physicians</subfield>
    <subfield code="a">Authors</subfield>
    <subfield code="2">lcsh</subfield>
  </datafield>
  <datafield ind1=" " ind2=" " tag="377">
    <subfield code="a">fre</subfield>
  </datafield>
  <datafield ind1=" " ind2=" " tag="670">
    <subfield code="a">Vallery-Radot, P. Les migraines, 1935</subfield>
  </datafield>
  <datafield ind1=" " ind2=" " tag="670">
    <subfield code="a">WW in France, 1984-1985</subfield>
    <subfield code="b">(Hamburger, Jean; b. 7/15/1909 in Paris; physician, author of works on medicine and many literary works: lists works)</subfield>
  </datafield>
  <datafield ind1=" " ind2=" " tag="670">
    <subfield code="a">Info. converted from 678, 2012-10-02</subfield>
    <subfield code="b">(b. 1909)</subfield>
  </datafield>
  <datafield ind1=" " ind2=" " tag="670">
    <subfield code="a">DNB via VIAF, October 14, 2016:</subfield>
    <subfield code="b">(access point: Hamburger, Jean, 1909-1992; b. July 15, 1909, d. February 1, 1992)</subfield>
  </datafield>
  <datafield ind1=" " ind2=" " tag="670">
    <subfield code="a">fr.wikipedia.org, 22 Mar. 2024</subfield>
    <subfield code="b">(Jean Hamburger; b. 15 July 1909 in 8th arrondissement of Paris; d. 1 Feb. 1992 in Paris; French physician and essayist)</subfield>
    <subfield code="u">https://fr.wikipedia.org/wiki/Jean_Hamburger</subfield>
  </datafield>
</record>
